Liedtext Disney König der Löwen Zwei - Wir sind eins - Statistiken

Allgemein
  • Dieses Quiz wurde 94 mal gespielt
  • Das Durchschnittsergebnis liegt bei 134 aus 175
Antwortstatistiken
Antwort % Korrekt
ein
97%
sind
97%
sind,
97%
wir
97%
Wir
97%
Du
92%
du
92%
eins
90%
eins.
90%
eins)
90%
eins,
90%
ich
90%
da
87%
das
87%
die
85%
und
85%
Und
85%
bis
82%
der
82%
alle
79%
dir
79%
dir.
79%
Eine
79%
Ewigkeit.
79%
(Ewigkeit
79%
Ewigkeit
79%
hier
79%
hier,
79%
Aber
77%
an
77%
bin
77%
in
77%
ist
77%
ist,
77%
Leben
77%
mehr
77%
nicht
77%
ob
77%
Welt.
77%
Welt
77%
zu
77%
alles
74%
als
74%
bist
74%
Doch
74%
Fragst
74%
gewiss,
74%
Königin
74%
was
74%
bringt,
72%
dein
72%
dieser
72%
einsam
72%
gelingt
72%
immer
72%
kann.
72%
kann:
72%
niemand
72%
Teil
72%
uns
72%
auf
69%
dem
69%
erst
69%
Fängt
69%
für
69%
ganze
69%
große
69%
von
69%
wirst
69%
auch
67%
folgt
67%
gefällt.
67%
mit
67%
niemals
67%
Plan
67%
Plan?
67%
Sonne
67%
stark,
67%
Wie
67%
allein.
64%
bleibe
64%
dazu
64%
dich
64%
mein
64%
Soll
64%
stolz
64%
vereint.
64%
zur
64%
Himmel
62%
Ja
62%
keiner
62%
sein.
62%
Seit
62%
sowas
62%
Um
62%
Kreis
59%
meinem
59%
nach
59%
nehmen
59%
stehn
59%
diesem
56%
erkennst
56%
irgendwann
56%
oder
56%
verstehen
56%
bau´n
54%
Herzen
54%
sich
54%
trau´n
54%
gehen
51%
Weg
51%
Deinen
46%
Einmal
46%
nein
41%
weiterdrehn.
41%
Keine übereinstimmenden Quizze gefunden
Verteilung der Resultate
Anzahl Personen mit jedem Resultat
Perzentil nach korrekt beantworteten Fragen
Ihre Resultats-Entwicklung
Sie haben dieses Quiz noch nicht gespielt